000 00800nam a2200253Ia 4500
003 OSt
005 20221005024731.0
006 a|||||r|||| 00| 0
007 ta
008 221004b |||||||| |||| 00| 0 ara d
020 _c490
024 _a118506
037 _b387, 23/03/2012, Nadwi Publications
_cTextual
040 _aCRL
_cCRL
_bara
041 _2ara
_aara
082 _aO28v677, P9
100 _aAl - Shajli Abdul Salam Au.
_9580996
245 0 _aAl-asas-al-nazriyah-al-hadisa fi manahij tarikh-al-dab-al-Arabi be Misr
260 _aCairo
_bAl - Hiyah Almsriyah
_c2009
300 _a516p.
_ccm.
650 _aARABIC LITERATURE
942 _hO28v677, P9
_cTEXL
_2cc
999 _c933350
_d933350